000
00255nam a22001217a 4500
008
171227b xxu||||| |||| 00| 0 eng d
041
_a
eng
080
_a
61
100
_a
3
101
_a
MJE
245
_a
HEALTH PEOPLE
_c
RICHMOND.J.B
942
_2
udc
_c
BK
999
_c
39489
_d
39489